00474nam a22001457a 450000500170000000800410001702000220005804100080008010000200008824501450010825000170025326000400027030000100031065000080032020250917133840.0250917b |||||||| |||| 00| 0 eng d a978-93-6385-727-8 aeng aSHARMA, DR Y. S aTHE LAW OF PLEADINGS, DRAFTING AND CONVEYANCING : Including the pre - trial preparation , participation in trial proceedings and moot court  a6th ed. 2025 aJAIPURbUNIVERSITY BOOK HOUS P LTD  a582;P aLAW